La Cause Palestinienne / (Record no. 53228)
[ view plain ]
| 000 -LEADER | |
|---|---|
| fixed length control field | 00981nam a22002777i 4500 |
| 003 - CONTROL NUMBER IDENTIFIER | |
| control field | EG-GICUC |
| 005 - DATE AND TIME OF LATEST TRANSACTION | |
| control field | 20260121101551.0 |
| 008 - FIXED-LENGTH DATA ELEMENTS--GENERAL INFORMATION | |
| fixed length control field | 251230s1987 ua ||||fr|||| 000 0 fre d |
| 040 ## - CATALOGING SOURCE | |
| Original cataloging agency | EG-GiCUC |
| Language of cataloging | fre |
| Transcribing agency | EG-GiCUC |
| Modifying agency | EG-GiCUC |
| Description conventions | Rda |
| 041 ## - LANGUAGE CODE | |
| Language code of text/sound track or separate title | fre |
| 082 04 - DEWEY DECIMAL CLASSIFICATION NUMBER | |
| Edition number | 21 |
| Classification number | 341.280569 |
| Item number | MI . C |
| 092 04 - LOCALLY ASSIGNED DEWEY CALL NUMBER (OCLC) | |
| Edition number | 21 |
| 099 ## - LOCAL FREE-TEXT CALL NUMBER (OCLC) | |
| Classification number | Law1 11 341.280569 MI . C 1977 |
| 110 #2 - MAIN ENTRY--CORPORATE NAME | |
| Corporate name or jurisdiction name as entry element | Service De L'etat Pour L'information |
| Subordinate unit | Ministere De L'information |
| 245 13 - TITLE STATEMENT | |
| Title | La Cause Palestinienne / |
| Statement of responsibility, etc. | Ministère De L'information, Service De L'état Pour L'information. |
| 264 #1 - PRODUCTION, PUBLICATION, DISTRIBUTION, MANUFACTURE, AND COPYRIGHT NOTICE | |
| Place of production, publication, distribution, manufacture | Le Caire : |
| Name of producer, publisher, distributor, manufacturer | Le Service, |
| Date of production, publication, distribution, manufacture, or copyright notice | 1977. |
| 300 ## - PHYSICAL DESCRIPTION | |
| Extent | 58 pages ; |
| Dimensions | 24 cm. |
| 336 ## - CONTENT TYPE | |
| Source | rda contenu |
| Content type term | texte |
| 337 ## - MEDIA TYPE | |
| Source | rda medias |
| Media type term | Ordinateur |
| 338 ## - CARRIER TYPE | |
| Source | transporteur rda |
| Carrier type term | Ressource en ligne |
| 546 ## - LANGUAGE NOTE | |
| Language note | Texte en français |
| 650 14 - SUBJECT ADDED ENTRY--TOPICAL TERM | |
| Topical term or geographic name entry element | Territoires non autonomes |
| General subdivision | Droit international public |
| Geographic subdivision | La Palestine |
| 856 40 - ELECTRONIC LOCATION AND ACCESS | |
| Uniform Resource Identifier | <a href="https://fll.law.cu.edu.eg/fulltext/bks/B11-06685.pdf">https://fll.law.cu.edu.eg/fulltext/bks/B11-06685.pdf</a> |
| 905 ## - Cataloger and Reviser Names | |
| Cataloger Name: | Rawan khaled |
| 942 ## - ADDED ENTRY ELEMENTS (KOHA) | |
| Source of classification or shelving scheme | Dewey Decimal Classification |
| Koha item type | Books |
| Edition | 21 |
| Suppress in OPAC | No |
| Withdrawn status | Lost status | Source of classification or shelving scheme | Damaged status | Not for loan | Collection | Home library | Current library | Date acquired | Total checkouts | Full call number | Barcode | Date last seen | Copy number | Price effective from | Koha item type |
|---|---|---|---|---|---|---|---|---|---|---|---|---|---|---|---|
| Dewey Decimal Classification | Not for loan | القانون الدولي العام | جــــامعة القــاهرة | مكتبة كلية الحقوق - المبنى الرئيسي | 30.12.2025 | Law1 11 341.280569 MI . C 1977 1106685 C1 | B11-06685 | 30.12.2025 | 1 | 30.12.2025 | Books | ||||
| Dewey Decimal Classification | القانون الدولي العام | جــــامعة القــاهرة | مكتبة كلية الحقوق - المبنى الرئيسي | 30.12.2025 | Law1 11 341.280569 MI . C 1977 1106791 C2 | B11-06791 | 30.12.2025 | 2 | 30.12.2025 | Books | |||||
| Dewey Decimal Classification | القانون الدولي العام | جــــامعة القــاهرة | مكتبة كلية الحقوق - فـرع الشيخ زايد | 30.12.2025 | Law2 11 341.280569 MI . C 1977 1106792 C3 | B11-06792 | 30.12.2025 | 3 | 30.12.2025 | Books |